[Event "4NCL"]
[Site "Barcelo Hotel, Hinckley Island"]
[Date "2012.01.15"]
[Round "169.1"]
[White "Jones, Richard S"]
[Black "Rendle, Thomas E"]
[Result "1-0"]
[WhiteElo "2396"]
[BlackElo "2393"]
[PlyCount "57"]
[EventDate "2012.??.??"]
[WhiteTeam "Rhyfelwyr Essyllwg"]
[BlackTeam "Sambuca Sharks"]

1. e4 e6 2. d4 d5 3. Nc3 Nf6 4. e5 Nfd7 5. f4 c5 6. Nf3 Nc6 7. Be3 cxd4 8. Nxd4
Bc5 9. Qd2 O-O 10. O-O-O a6 11. Nb3 Bb4 12. g4 b5 13. Rg1 Bb7 14. Rg3 a5 15.
Bxb5 a4 16. Nd4 a3 17. b3 Rc8 18. Bxc6 Bxc6 19. Rh3 Qa5 20. Qd3 g6 21. Bd2 Rc7
22. Qe3 Re8 23. f5 exf5 24. Qh6 Nf8 25. gxf5 f6 26. fxg6 Qa7 27. gxh7+ Nxh7 28.
Nxc6 Rxc6 29. Qg6+ 1-0

[Event "4NCL"]
[Site "Barcelo Hotel, Hinckley Island"]
[Date "2012.01.15"]
[Round "169.2"]
[White "Roberson, Peter T"]
[Black "Kett, Timothy J"]
[Result "1/2-1/2"]
[WhiteElo "2283"]
[BlackElo "2181"]
[PlyCount "65"]
[EventDate "2012.??.??"]
[WhiteTeam "Sambuca Sharks"]
[BlackTeam "Rhyfelwyr Essyllwg"]

1. e4 e5 2. Nf3 Nc6 3. Bb5 a6 4. Ba4 Nf6 5. O-O Be7 6. Bxc6 dxc6 7. Nc3 Nd7 8.
d4 exd4 9. Qxd4 O-O 10. Bf4 Nc5 11. Qe3 Bg4 12. Rad1 Qc8 13. Bg3 Re8 14. Rfe1
Bh5 15. Ne2 Bg6 16. Ne5 a5 17. Nxg6 hxg6 18. Nd4 a4 19. Qf3 Bf8 20. Re3 Ne6 21.
c3 c5 22. Nc2 c4 23. a3 Rd8 24. Nb4 Bxb4 25. axb4 Rxd1+ 26. Qxd1 Qd8 27. Qd5 a3
28. bxa3 Rxa3 29. f3 c6 30. Qxc4 Qd2 31. Qe2 Qxe2 32. Rxe2 Rxc3 33. Rd2 1/2-1/2

[Event "4NCL"]
[Site "Barcelo Hotel, Hinckley Island"]
[Date "2012.01.15"]
[Round "169.3"]
[White "Brown, Tom"]
[Black "Murphy, Hugh W"]
[Result "0-1"]
[WhiteElo "2082"]
[BlackElo "2217"]
[PlyCount "72"]
[EventDate "2012.??.??"]
[WhiteTeam "Rhyfelwyr Essyllwg"]
[BlackTeam "Sambuca Sharks"]

1. c4 e6 2. Nc3 d5 3. d4 Be7 4. cxd5 exd5 5. Bf4 c6 6. e3 Bd6 7. Bxd6 Qxd6 8.
Bd3 Nf6 9. Nf3 O-O 10. Qc2 Nbd7 11. g4 g6 12. g5 Nh5 13. O-O-O Nb6 14. Ne2 Bh3
15. Rhg1 Rac8 16. Kb1 c5 17. dxc5 Rxc5 18. Qd2 Rfc8 19. Ned4 Nc4 20. Qe2 Qb6
21. Nb3 R5c7 22. Qe1 a5 23. Bxc4 dxc4 24. Qxa5 Bf5+ 25. Ka1 Qxa5 26. Nxa5 b6
27. Nxc4 Rxc4 28. Nd4 Ng7 29. b3 R4c5 30. f4 Be4 31. Rd2 Nf5 32. Nxf5 Bxf5 33.
Rgd1 Kg7 34. Rd6 b5 35. R6d5 b4 36. a4 bxa3 0-1

[Event "4NCL"]
[Site "Barcelo Hotel, Hinckley Island"]
[Date "2012.01.15"]
[Round "169.4"]
[White "Williams, Samuel G"]
[Black "Spice, Alan P"]
[Result "1-0"]
[WhiteElo "2234"]
[BlackElo "2129"]
[PlyCount "45"]
[EventDate "2012.??.??"]
[WhiteTeam "Sambuca Sharks"]
[BlackTeam "Rhyfelwyr Essyllwg"]

1. d4 d5 2. c4 dxc4 3. Nf3 Nf6 4. e3 e6 5. Bxc4 a6 6. Bb3 c5 7. O-O Nc6 8. Nc3
Be7 9. Qe2 cxd4 10. Rd1 O-O 11. exd4 Nb4 12. Bg5 Nbd5 13. Rac1 Re8 14. Ne5 Qd6
15. Qf3 Rd8 16. Rd3 Nb4 17. Ne4 Nxd3 18. Nxd6 Nxc1 19. Ndxf7 Nxb3 20. Bxf6 gxf6
21. Nh6+ Kg7 22. Qg4+ Kxh6 23. Nf7# 1-0

[Event "4NCL"]
[Site "Barcelo Hotel, Hinckley Island"]
[Date "2012.01.15"]
[Round "169.5"]
[White "Garcia, Jason"]
[Black "Tavoularis, Nicholas"]
[Result "0-1"]
[WhiteElo "2017"]
[BlackElo "2167"]
[PlyCount "84"]
[EventDate "2012.??.??"]
[WhiteTeam "Rhyfelwyr Essyllwg"]
[BlackTeam "Sambuca Sharks"]

1. e4 d5 2. exd5 Qxd5 3. Nf3 Nf6 4. d4 g6 5. Nc3 Qd6 6. g3 Bf5 7. Bg2 c6 8. O-O
Bg7 9. Ne5 O-O 10. Nc4 Qd7 11. Ne5 Qd8 12. g4 Be6 13. h3 Nbd7 14. Qe2 Nd5 15.
Ne4 Nxe5 16. dxe5 Nb6 17. Rd1 Qc7 18. f4 Rad8 19. Be3 Nd5 20. Nc5 Nxe3 21. Nxe6
Rxd1+ 22. Rxd1 Qb6 23. Rd4 Nxg2 24. Kxg2 fxe6 25. c3 c5 26. Re4 Qc6 27. Kg3 g5
28. fxg5 b5 29. h4 Qd5 30. b3 Rf1 31. h5 Rg1+ 32. Kf2 Rd1 33. c4 bxc4 34. bxc4
Qd3 35. Qxd3 Rxd3 36. h6 Bh8 37. Ke2 Ra3 38. Kf2 Rxa2+ 39. Kg3 Rc2 40. Kf4 Kf7
41. Kg3 Kg6 42. Kh4 Rc3 0-1

[Event "4NCL"]
[Site "Barcelo Hotel, Hinckley Island"]
[Date "2012.01.15"]
[Round "169.6"]
[White "Purton, Ben J"]
[Black "Davies, Matthew"]
[Result "1/2-1/2"]
[WhiteElo "2145"]
[BlackElo "1982"]
[PlyCount "33"]
[EventDate "2012.??.??"]
[WhiteTeam "Sambuca Sharks"]
[BlackTeam "Rhyfelwyr Essyllwg"]

1. d4 d5 2. Nf3 Nf6 3. e3 Bf5 4. c4 c6 5. Nc3 e6 6. Be2 Nbd7 7. Nh4 Bg6 8. Qb3
Qb6 9. Nxg6 hxg6 10. c5 Qxb3 11. axb3 a6 12. f4 Ne4 13. O-O f5 14. Nxe4 dxe4
15. Bd2 Nf6 16. Ra3 Be7 17. g3 1/2-1/2

[Event "4NCL"]
[Site "Barcelo Hotel, Hinckley Island"]
[Date "2012.01.15"]
[Round "169.7"]
[White "Kostanjsek, Luke"]
[Black "Cairns, Stephen"]
[Result "0-1"]
[WhiteElo "1874"]
[BlackElo "2098"]
[PlyCount "94"]
[EventDate "2012.??.??"]
[WhiteTeam "Rhyfelwyr Essyllwg"]
[BlackTeam "Sambuca Sharks"]

1. e4 c5 2. Nf3 Nc6 3. d4 cxd4 4. Nxd4 e5 5. Nb5 a6 6. Nd6+ Bxd6 7. Qxd6 Qf6 8.
Qd1 Qg6 9. Nc3 d5 10. Nxd5 Qxe4+ 11. Be3 Nd4 12. Nc7+ Ke7 13. Rc1 Bg4 14. Qd3
Qxd3 15. Bxd3 Rd8 16. f3 Bh5 17. Rd1 Kd6 18. c3 Nxf3+ 19. gxf3 Kxc7 20. Kf2 Ne7
21. Bc5 Rd7 22. Bc2 Rhd8 23. Rxd7+ Rxd7 24. Rd1 Rxd1 25. Bxd1 Ng6 26. Bc2 Nf4
27. Be3 Bg6 28. Bb3 Nd3+ 29. Ke2 Nxb2 30. Bc5 Nd3 31. Bf8 Nf4+ 32. Ke3 Nh5 33.
a4 a5 34. Bd5 f6 35. Be4 Bxe4 36. Kxe4 g6 37. Be7 h6 38. Bc5 Kc6 39. Be7 b6 40.
Bd8 Kc5 41. h3 b5 42. Be7+ Kc4 43. axb5 Kxb5 44. Kd5 Nf4+ 45. Kd6 Kc4 46. Kc6
a4 47. Bf8 Kxc3 0-1

[Event "4NCL"]
[Site "Barcelo Hotel, Hinckley Island"]
[Date "2012.01.15"]
[Round "169.8"]
[White "York-Andersen, Anna"]
[Black "Reid, Vaness"]
[Result "0-1"]
[WhiteElo "1811"]
[BlackElo "1837"]
[PlyCount "96"]
[EventDate "2012.??.??"]
[WhiteTeam "Sambuca Sharks"]
[BlackTeam "Rhyfelwyr Essyllwg"]

1. e4 e6 2. d4 d5 3. Nd2 Nf6 4. e5 Nfd7 5. Bd3 c5 6. c3 Nc6 7. Ne2 cxd4 8. cxd4
f6 9. exf6 Qxf6 10. Nf3 h6 11. O-O Bd6 12. Be3 O-O 13. Rc1 Rd8 14. Bb1 Nf8 15.
Qd3 Bd7 16. Ng3 Be8 17. a3 Bg6 18. Qb5 Bxb1 19. Rxb1 Rab8 20. Qd3 Qf7 21. Qd2
Ng6 22. Ne2 Nce7 23. Rfe1 Re8 24. Rbd1 Rbc8 25. Rc1 Rxc1 26. Qxc1 Rc8 27. Qd1
Nf5 28. Bd2 Rf8 29. Rf1 Qf6 30. Qa4 a6 31. Bb4 Bxb4 32. Qxb4 Ngh4 33. Nxh4 Qxh4
34. Qxb7 Nxd4 35. Ng3 Qg5 36. Qb6 Qe5 37. Qxa6 h5 38. Rd1 h4 39. Qd3 hxg3 40.
Qxd4 gxf2+ 41. Kf1 Qxh2 42. Ke2 Rf4 43. Qd3 Qh5+ 44. Kd2 Qxd1+ 45. Kxd1 f1=Q+
46. Qxf1 Rxf1+ 47. Ke2 Ra1 48. Kd3 e5 0-1

[Event "4NCL"]
[Site "Barcelo Hotel, Hinckley Island"]
[Date "2012.01.15"]
[Round "170.1"]
[White "Pitcher, John"]
[Black "Cooper, John G"]
[Result "1/2-1/2"]
[WhiteElo "2205"]
[BlackElo "2351"]
[PlyCount "36"]
[EventDate "2012.??.??"]
[WhiteTeam "Warwickshire Select 1"]
[BlackTeam "South Wales Dragons"]

1. e4 e6 2. d4 d5 3. e5 c5 4. c3 Qb6 5. Nf3 Nc6 6. Be2 Nh6 7. b3 cxd4 8. cxd4
Nf5 9. Bb2 Bb4+ 10. Kf1 Be7 11. h4 f6 12. Nc3 fxe5 13. Na4 Qd8 14. dxe5 O-O 15.
Bd3 Bd7 16. Rc1 Rc8 17. Kg1 Be8 18. h5 Kh8 1/2-1/2

[Event "4NCL"]
[Site "Barcelo Hotel, Hinckley Island"]
[Date "2012.01.15"]
[Round "170.2"]
[White "Zeidler, Sven P"]
[Black "Thomas, Nicholas"]
[Result "1/2-1/2"]
[WhiteElo "2279"]
[BlackElo "2268"]
[PlyCount "52"]
[EventDate "2012.??.??"]
[WhiteTeam "South Wales Dragons"]
[BlackTeam "Warwickshire Select 1"]

1. e4 e6 2. d4 d5 3. exd5 exd5 4. Nf3 Bd6 5. c4 c6 6. Nc3 Ne7 7. Bd3 dxc4 8.
Bxc4 O-O 9. O-O Nd7 10. Bg5 Nb6 11. Bb3 Kh8 12. Bxe7 Bxe7 13. Ne5 Kg8 14. Qh5
Be6 15. Bxe6 fxe6 16. Qg4 Rf5 17. Rfe1 Nd5 18. Nd3 Qd7 19. Qe2 Rf6 20. Ne4 Rh6
21. Nec5 Bxc5 22. Nxc5 Qf7 23. Nd3 Nf4 24. Nxf4 Qxf4 25. g3 Qf5 26. f4 Rd8
1/2-1/2

[Event "4NCL"]
[Site "Barcelo Hotel, Hinckley Island"]
[Date "2012.01.15"]
[Round "170.3"]
[White "Mason, Donald J"]
[Black "Kennaugh, Charles W"]
[Result "1/2-1/2"]
[WhiteElo "2227"]
[BlackElo "2251"]
[PlyCount "90"]
[EventDate "2012.??.??"]
[WhiteTeam "Warwickshire Select 1"]
[BlackTeam "South Wales Dragons"]

1. d4 d5 2. c4 c6 3. Nc3 e6 4. e4 Bb4 5. e5 c5 6. a3 Ba5 7. Nf3 Nc6 8. cxd5
exd5 9. Bb5 c4 10. O-O Nge7 11. h3 O-O 12. b4 Bb6 13. Ba4 Bf5 14. b5 Na5 15.
Re1 Qd7 16. Bg5 Rae8 17. Bxe7 Rxe7 18. Bc2 Bxc2 19. Qxc2 Nb3 20. Rad1 h6 21.
Re3 Rd8 22. a4 a6 23. Ne2 axb5 24. axb5 Qxb5 25. Nh4 Re6 26. Rg3 Qd7 27. Nf5
Rg6 28. Rxg6 fxg6 29. Nxh6+ Kh7 30. Nf4 Qe8 31. Ng4 Qf7 32. g3 Qf5 33. Qxf5
gxf5 34. Ne3 Bxd4 35. Ne6 Bxe3 36. Nxd8 Bb6 37. Nxb7 c3 38. e6 c2 39. Re1 Nd4
40. e7 Nf3+ 41. Kf1 Nxe1 42. e8=Q c1=Q 43. Qh5+ Kg8 44. Qe8+ Kh7 45. Qh5+ Kg8
1/2-1/2

[Event "4NCL"]
[Site "Barcelo Hotel, Hinckley Island"]
[Date "2012.01.15"]
[Round "170.4"]
[White "Redmond, John P"]
[Black "Shephard, Chris CW"]
[Result "1/2-1/2"]
[WhiteElo "2246"]
[BlackElo "2161"]
[PlyCount "127"]
[EventDate "2012.??.??"]
[WhiteTeam "South Wales Dragons"]
[BlackTeam "Warwickshire Select 1"]

1. d4 Nf6 2. c4 c5 3. d5 e5 4. Nc3 d6 5. e4 g6 6. Be2 Bg7 7. h4 h5 8. Bg5 a6 9.
a4 Nbd7 10. Qd2 Qe7 11. Nh3 Qf8 12. f3 Bh6 13. Bxh6 Qxh6 14. Qxh6 Rxh6 15. a5
Rh8 16. Kd2 Ke7 17. Nf2 Nh7 18. Na4 Rb8 19. Rhb1 b5 20. axb6 Nxb6 21. b4 Nxa4
22. Rxa4 Rxb4 23. Rbxb4 cxb4 24. Nd3 Nf6 25. c5 dxc5 26. Nxc5 Nd7 27. Nb3 g5
28. hxg5 Rg8 29. Rxb4 Rxg5 30. Bf1 Rg6 31. Na5 Rb6 32. Kc3 Rxb4 33. Kxb4 f5 34.
exf5 Kd6 35. f6 Nxf6 36. Nc4+ Kxd5 37. Nb6+ Kd4 38. Nxc8 Ke3 39. Bxa6 h4 40.
Ne7 Kf2 41. Nf5 Kxg2 42. Nxh4+ Kg3 43. Ng6 Kxf3 44. Nxe5+ Ke4 45. Nc4 Kd4 46.
Bb7 Nd5+ 47. Kb3 Nf4 48. Nd2 Kd3 49. Nf3 Ne6 50. Kb4 Nd4 51. Ne5+ Ke3 52. Kc4
Ne6 53. Ng6 Nf4 54. Ne7 Ne2 55. Nd5+ Ke4 56. Ne7+ Ke3 57. Kd5 Nf4+ 58. Kc5 Ne2
59. Bc6 Nf4 60. Nf5+ Kd3 61. Bf3 Ne6+ 62. Kd5 Nf4+ 63. Kd6 Ng6 64. Kd5 1/2-1/2

[Event "4NCL"]
[Site "Barcelo Hotel, Hinckley Island"]
[Date "2012.01.15"]
[Round "170.5"]
[White "Stepanyan, Henrik"]
[Black "James, David J"]
[Result "1/2-1/2"]
[WhiteElo "1942"]
[BlackElo "2153"]
[PlyCount "38"]
[EventDate "2012.??.??"]
[WhiteTeam "Warwickshire Select 1"]
[BlackTeam "South Wales Dragons"]

1. c4 e5 2. Nc3 Nf6 3. Nf3 Nc6 4. e3 d6 5. d4 g6 6. dxe5 Nxe5 7. Nxe5 dxe5 8.
Qxd8+ Kxd8 9. Bd3 c6 10. Ke2 Bb4 11. Bd2 Be6 12. Rhd1 Bd6 13. Rac1 Ke7 14. f3
Rhd8 15. a3 Rd7 16. Be1 h6 17. b4 Rad8 18. c5 Bc7 19. Bc2 Rxd1 1/2-1/2

[Event "4NCL"]
[Site "Barcelo Hotel, Hinckley Island"]
[Date "2012.01.15"]
[Round "170.6"]
[White "Morris, Charles F"]
[Black "Agnew, Alan"]
[Result "1/2-1/2"]
[WhiteElo "2158"]
[BlackElo "2050"]
[PlyCount "100"]
[EventDate "2012.??.??"]
[WhiteTeam "South Wales Dragons"]
[BlackTeam "Warwickshire Select 1"]

1. Nf3 g6 2. g3 Bg7 3. Bg2 d6 4. c4 e5 5. Nc3 Nc6 6. e4 f5 7. d3 Nf6 8. O-O O-O
9. Ne1 Nd4 10. Nc2 Nxc2 11. Qxc2 f4 12. gxf4 Nh5 13. Ne2 Nxf4 14. Bxf4 exf4 15.
f3 c6 16. Rad1 Be6 17. d4 Rc8 18. b4 Qb6 19. Qb3 Qa6 20. Rc1 Rce8 21. a4 b5 22.
axb5 cxb5 23. d5 bxc4 24. Qxc4 Qxc4 25. Rxc4 Bxd5 26. Rc7 Be6 27. Rd1 Be5 28.
Rxa7 Ra8 29. Rxa8 Rxa8 30. Nd4 Bd7 31. Bf1 Ra4 32. Bc4+ Kf8 33. Nc2 Ke7 34. Rd3
Ra7 35. Ra3 Rxa3 36. Nxa3 Bb2 37. Nc2 Be6 38. Bxe6 Kxe6 39. Ne1 d5 40. Nd3 Bd4+
41. Kg2 g5 42. h4 dxe4 43. fxe4 gxh4 44. Nxf4+ Ke5 45. Kf3 Bb6 46. b5 Bd8 47.
Nd5 h3 48. b6 Bxb6 49. Nxb6 h2 50. Kg2 Kxe4 1/2-1/2

[Event "4NCL"]
[Site "Barcelo Hotel, Hinckley Island"]
[Date "2012.01.15"]
[Round "170.7"]
[White "Baruch, Andrew JD"]
[Black "Jameson, David"]
[Result "1/2-1/2"]
[WhiteElo "2085"]
[BlackElo "2077"]
[PlyCount "41"]
[EventDate "2012.??.??"]
[WhiteTeam "Warwickshire Select 1"]
[BlackTeam "South Wales Dragons"]

1. c4 e5 2. Nf3 Nc6 3. d4 exd4 4. Nxd4 Bb4+ 5. Bd2 Bxd2+ 6. Qxd2 Nxd4 7. Qxd4
Qf6 8. e3 b6 9. Qe4+ Ne7 10. Nc3 c6 11. Qc2 Qg6 12. Bd3 Qxg2 13. O-O-O Qh3 14.
Ne4 Qh6 15. c5 O-O 16. Nd6 Nd5 17. Bc4 bxc5 18. Bxd5 cxd5 19. Rxd5 Bb7 20. Nxb7
Qc6 21. Rhd1 1/2-1/2

[Event "4NCL"]
[Site "Barcelo Hotel, Hinckley Island"]
[Date "2012.01.15"]
[Round "170.8"]
[White "Lochte, Szilvia"]
[Black "Page, Mark E"]
[Result "1/2-1/2"]
[WhiteElo "1956"]
[BlackElo "2023"]
[PlyCount "50"]
[EventDate "2012.??.??"]
[WhiteTeam "South Wales Dragons"]
[BlackTeam "Warwickshire Select 1"]

1. d4 Nf6 2. Nf3 g6 3. Bf4 d6 4. e3 Bg7 5. Be2 O-O 6. h3 Nc6 7. O-O h6 8. c4
Nd7 9. Nc3 e5 10. Bh2 f5 11. Rc1 g5 12. d5 Ne7 13. Nd2 f4 14. Nde4 Nf5 15. Bg4
b6 16. b4 Nf6 17. Nxf6+ Bxf6 18. Qd3 Bg7 19. e4 Nd4 20. Bxc8 Qxc8 21. f3 a5 22.
b5 h5 23. Kf2 g4 24. hxg4 hxg4 25. Bg1 gxf3 1/2-1/2

[Event "4NCL"]
[Site "Barcelo Hotel, Hinckley Island"]
[Date "2012.01.15"]
[Round "171.1"]
[White "Cooksey, Paul S"]
[Black "Carleton, John J"]
[Result "1-0"]
[WhiteElo "2273"]
[BlackElo "2293"]
[PlyCount "47"]
[EventDate "2012.??.??"]
[WhiteTeam "AMCA Dragons"]
[BlackTeam "Spirit of Atticus"]

1. d4 d5 2. c4 e6 3. Nf3 Nf6 4. Nc3 Bb4 5. e3 O-O 6. Bd3 dxc4 7. Bxc4 Nc6 8.
O-O a6 9. h3 h6 10. Qc2 Bd6 11. a3 e5 12. b4 exd4 13. exd4 Bd7 14. Re1 Re8 15.
Bxh6 Rxe1+ 16. Rxe1 Qf8 17. Bg5 Nh7 18. Bh4 Re8 19. Rxe8 Qxe8 20. Ne4 Be7 21.
Bg3 Qc8 22. d5 Nd8 23. Bd3 Nf8 24. Qxc7 1-0

[Event "4NCL"]
[Site "Barcelo Hotel, Hinckley Island"]
[Date "2012.01.15"]
[Round "171.2"]
[White "Ivell, Nicholas W"]
[Black "Dishman, Stephen"]
[Result "1-0"]
[WhiteElo "2335"]
[BlackElo "2333"]
[PlyCount "107"]
[EventDate "2012.??.??"]
[WhiteTeam "Spirit of Atticus"]
[BlackTeam "AMCA Dragons"]

1. e4 d6 2. Nc3 Nf6 3. f4 d5 4. e5 d4 5. exf6 dxc3 6. fxg7 cxd2+ 7. Qxd2 Qxd2+
8. Bxd2 Bxg7 9. O-O-O Bd7 10. Nf3 Nc6 11. Bc4 O-O 12. h3 Rad8 13. g4 Nd4 14.
Nxd4 Bxd4 15. Rhe1 b5 16. Bb3 Rfe8 17. Ba5 Bb6 18. Bxb6 axb6 19. Rd2 e6 20.
Red1 Re7 21. c3 Kf8 22. f5 exf5 23. gxf5 Kg7 24. Bc2 Kf6 25. h4 h6 26. a3 Kg7
27. Rd4 Kf6 28. Rd5 Kg7 29. R1d2 Kf6 30. Rd1 Kg7 31. R1d4 Kf6 32. Bd1 Kg7 33.
Bh5 Kf6 34. Kd2 Kg7 35. Bg4 Kf6 36. Bh3 Rde8 37. Rxd7 Re2+ 38. Kc1 Rh2 39. Bg4
Rxh4 40. Rxc7 h5 41. Bd1 Rh1 42. Rc6+ Kxf5 43. Rxb6 Re5 44. Rh6 Kg5 45. Rh8 f5
46. Rg8+ Kf6 47. Kd2 h4 48. Rh8 Re4 49. Rxe4 fxe4 50. Be2 Kg5 51. Bxb5 h3 52.
Bd7 h2 53. Bc6 Kf4 54. a4 1-0

[Event "4NCL"]
[Site "Barcelo Hotel, Hinckley Island"]
[Date "2012.01.15"]
[Round "171.4"]
[White "Jackson, Sheila"]
[Black "Farrand, Tom"]
[Result "1/2-1/2"]
[WhiteElo "2162"]
[BlackElo "2212"]
[PlyCount "29"]
[EventDate "2012.??.??"]
[WhiteTeam "Spirit of Atticus"]
[BlackTeam "AMCA Dragons"]

1. e4 c5 2. c3 Nf6 3. e5 Nd5 4. d4 cxd4 5. Nf3 e6 6. cxd4 d6 7. Nc3 Nxc3 8.
bxc3 Qc7 9. Bd2 Nd7 10. exd6 Bxd6 11. Bd3 b6 12. O-O Bb7 13. h3 O-O 14. Re1 Bf4
15. Be4 1/2-1/2

[Event "4NCL"]
[Site "Barcelo Hotel, Hinckley Island"]
[Date "2012.01.15"]
[Round "171.5"]
[White "Tavares, Shawn P"]
[Black "Ackley, Peter JE"]
[Result "1/2-1/2"]
[WhiteElo "2218"]
[BlackElo "2047"]
[PlyCount "44"]
[EventDate "2012.??.??"]
[WhiteTeam "AMCA Dragons"]
[BlackTeam "Spirit of Atticus"]

1. e4 g6 2. d4 Bg7 3. c4 d6 4. Nc3 Nf6 5. Nf3 O-O 6. h3 e5 7. d5 a5 8. Bg5 h6
9. Be3 Na6 10. g4 Nd7 11. Rg1 Qe8 12. Qd2 Kh7 13. O-O-O Ndc5 14. Be2 Bd7 15.
Kb1 c6 16. dxc6 Bxc6 17. Bxc5 Nxc5 18. Qe3 Qe7 19. Nd5 Bxd5 20. Rxd5 Ra6 21. h4
Rc6 22. h5 g5 1/2-1/2

[Event "4NCL"]
[Site "Barcelo Hotel, Hinckley Island"]
[Date "2012.01.15"]
[Round "171.6"]
[White "Connor, Stephen J"]
[Black "Hansen, Hans-Peter"]
[Result "1/2-1/2"]
[WhiteElo "2069"]
[BlackElo "2215"]
[PlyCount "30"]
[EventDate "2012.??.??"]
[WhiteTeam "Spirit of Atticus"]
[BlackTeam "AMCA Dragons"]

1. e4 c5 2. Nf3 g6 3. c3 d5 4. exd5 Qxd5 5. d4 Bg7 6. dxc5 Qxc5 7. Be3 Qa5 8.
Bc4 Nf6 9. h3 O-O 10. Qb3 Nbd7 11. O-O Nb6 12. Bxb6 Qxb6 13. Qxb6 axb6 14. Re1
e6 15. Na3 Bd7 1/2-1/2

[Event "4NCL"]
[Site "Barcelo Hotel, Hinckley Island"]
[Date "2012.01.15"]
[Round "171.7"]
[White "Coates, Kenneth G"]
[Black "Mort, Andrew J"]
[Result "1-0"]
[WhiteElo "2194"]
[BlackElo "2017"]
[PlyCount "95"]
[EventDate "2012.??.??"]
[WhiteTeam "AMCA Dragons"]
[BlackTeam "Spirit of Atticus"]

1. d4 d5 2. Bg5 Nf6 3. Bxf6 exf6 4. e3 g6 5. c4 Bg7 6. Nc3 dxc4 7. Bxc4 O-O 8.
Nf3 c6 9. O-O Nd7 10. Rc1 Nb6 11. Bb3 Be6 12. Bxe6 fxe6 13. Qb3 Qe7 14. Ne4
Rfe8 15. Nc5 Rab8 16. a4 Kh8 17. Rfe1 Nd5 18. a5 Bf8 19. Qa4 Qc7 20. Rc2 b5 21.
axb6 axb6 22. Nd3 b5 23. Qb3 Nb6 24. Qxb5 Rec8 25. Rec1 cxb5 26. Rxc7 Bd6 27.
Rxc8+ Rxc8 28. Rxc8+ Nxc8 29. Kf1 Kg7 30. Ke2 Kf7 31. Kd2 Ke7 32. Kc3 Nb6 33.
g3 h6 34. Nd2 Nd5+ 35. Kb3 h5 36. Ne4 f5 37. Nxd6 Kxd6 38. Ne5 Nf6 39. Kb4 Kd5
40. Nxg6 Ng4 41. Nf4+ Kd6 42. Nd3 Nxh2 43. Kxb5 Ng4 44. b4 Kd5 45. Nf4+ Kd6 46.
Nh3 Kd5 47. Kb6 Ke4 48. Kc6 1-0

[Event "4NCL"]
[Site "Barcelo Hotel, Hinckley Island"]
[Date "2012.01.15"]
[Round "171.8"]
[White "Robertson, David J"]
[Black "Richardson, Keith B"]
[Result "0-1"]
[WhiteElo "1918"]
[BlackElo "2141"]
[PlyCount "104"]
[EventDate "2012.??.??"]
[WhiteTeam "Spirit of Atticus"]
[BlackTeam "AMCA Dragons"]

1. e4 g6 2. d4 Bg7 3. f4 c5 4. Nf3 cxd4 5. Nxd4 Nc6 6. Nb3 d6 7. Nc3 Nf6 8. Be2
O-O 9. Be3 a6 10. O-O b5 11. a3 Bb7 12. Bf3 Nd7 13. Qd2 Nb6 14. Bxb6 Qxb6+ 15.
Kh1 Nd4 16. Nxd4 Qxd4 17. Qxd4 Bxd4 18. Nd1 e5 19. c3 Bb6 20. fxe5 dxe5 21. Nf2
Rad8 22. Rad1 Bxf2 23. Rxf2 Bxe4 24. Re1 Bxf3 25. gxf3 f6 26. Re4 Rc8 27. a4
Rc4 28. axb5 axb5 29. Rd2 Rxe4 30. fxe4 Kg7 31. Rd5 Rb8 32. Kg2 Rb7 33. Kf3 Kf7
34. Rd8 b4 35. c4 b3 36. Rd3 Ke6 37. c5 Rb4 38. Ke3 f5 39. Rd6+ Ke7 40. exf5
gxf5 41. Rh6 Rc4 42. Rxh7+ Ke6 43. Rb7 Rxc5 44. Rxb3 f4+ 45. Ke4 Rc4+ 46. Kf3
Kf5 47. Rb5 Rc2 48. h4 Rh2 49. b4 Rxh4 50. Rb8 Rh3+ 51. Kg2 Rb3 52. b5 Ke4 0-1

[Event "4NCL"]
[Site "Barcelo Hotel, Hinckley Island"]
[Date "2012.01.15"]
[Round "172.1"]
[White "Girdlestone, Paul C"]
[Black "Ashton, Adam G"]
[Result "0-1"]
[WhiteElo "2191"]
[BlackElo "2365"]
[PlyCount "78"]
[EventDate "2012.??.??"]
[WhiteTeam "Brown Jack"]
[BlackTeam "3Cs 1"]

1. e4 e5 2. Nc3 Nf6 3. Bc4 Nc6 4. d3 Bb4 5. Nge2 d5 6. exd5 Nxd5 7. O-O Be6 8.
Bd2 O-O 9. a3 Be7 10. Bb5 Nd4 11. Nxd4 exd4 12. Nxd5 Bxd5 13. Qg4 c6 14. Bc4
Bxc4 15. dxc4 Bf6 16. Rad1 a5 17. Be3 c5 18. c3 Qc7 19. Bg5 Bxg5 20. Qxg5 Rfd8
21. Rfe1 h6 22. Qf5 Rd7 23. Re5 g6 24. Qe4 dxc3 25. Rxd7 Qxd7 26. bxc3 Qd1+ 27.
Qe1 Rd8 28. Kf1 Qd3+ 29. Kg1 Qxc4 30. g3 b5 31. Kg2 b4 32. axb4 axb4 33. Qe3
Rc8 34. Re4 Qd5 35. c4 Qb7 36. f3 b3 37. Re7 Qb4 38. Qf4 Rf8 39. Re1 Qxe1 0-1

[Event "4NCL"]
[Site "Barcelo Hotel, Hinckley Island"]
[Date "2012.01.15"]
[Round "172.2"]
[White "Clarke, Stuart W"]
[Black "Richmond, Peter A"]
[Result "1/2-1/2"]
[WhiteElo "2303"]
[BlackElo "2228"]
[PlyCount "72"]
[EventDate "2012.??.??"]
[WhiteTeam "3Cs 1"]
[BlackTeam "Brown Jack"]

1. e4 g6 2. d4 Bg7 3. Nf3 c5 4. c3 cxd4 5. cxd4 d5 6. exd5 Nf6 7. Nc3 O-O 8.
Qb3 Nbd7 9. Bg5 Qb6 10. Bc4 Qxb3 11. Bxb3 h6 12. Bf4 g5 13. Bc7 g4 14. Nh4 Ne8
15. Bf4 Nb6 16. O-O Nd6 17. Rfe1 Bf6 18. g3 Kg7 19. Bxd6 exd6 20. Nb5 Bxh4 21.
gxh4 Rd8 22. Re7 a5 23. a4 Kf6 24. Rae1 Rb8 25. h5 Bf5 26. Rc7 Rd7 27. Rxd7
Bxd7 28. Nxd6 Bxa4 29. Bxa4 Nxa4 30. Ne8+ Kg5 31. Re5+ Kh4 32. d6 Rd8 33. Re7
Nxb2 34. Rxb7 Rxe8 35. Rxb2 Rd8 36. Rb6 a4 1/2-1/2

[Event "4NCL"]
[Site "Barcelo Hotel, Hinckley Island"]
[Date "2012.01.15"]
[Round "172.3"]
[White "Truran, Michael C"]
[Black "Jaunooby, Ali Reza"]
[Result "0-1"]
[WhiteElo "2195"]
[BlackElo "2146"]
[PlyCount "86"]
[EventDate "2012.??.??"]
[WhiteTeam "Brown Jack"]
[BlackTeam "3Cs 1"]

1. d4 d5 2. c4 c6 3. Nf3 Nf6 4. e3 a6 5. a4 Bg4 6. Nc3 Nbd7 7. Be2 e6 8. O-O a5
9. b3 Bb4 10. Na2 Bd6 11. Bd2 Ne4 12. Be1 f5 13. Nd2 Bxe2 14. Qxe2 O-O 15. f3
Nef6 16. f4 c5 17. Nc3 Qb6 18. Nb5 Be7 19. Bh4 Rae8 20. Nf3 Ne4 21. Bxe7 Rxe7
22. Ne5 Nb8 23. Rfd1 Rd8 24. cxd5 exd5 25. g3 Nc6 26. Kg2 cxd4 27. exd4 Na7 28.
Rac1 Nc6 29. Rc2 Nd6 30. Rc5 Nxd4 31. Nxd4 Qxc5 32. Qd3 g6 33. Rd2 Ne4 34. Rc2
Qb4 35. h4 Nc5 36. Qe3 Ne6 37. Nxe6 Rxe6 38. Rc7 d4 39. Qf3 Re7 40. Rxe7 Qxe7
41. h5 g5 42. h6 d3 43. Nxd3 g4 0-1

[Event "4NCL"]
[Site "Barcelo Hotel, Hinckley Island"]
[Date "2012.01.15"]
[Round "172.4"]
[White "Walton, Alan J"]
[Black "Hall, Daniel J"]
[Result "0-1"]
[WhiteElo "2161"]
[BlackElo "2120"]
[PlyCount "114"]
[EventDate "2012.??.??"]
[WhiteTeam "3Cs 1"]
[BlackTeam "Brown Jack"]

1. d4 Nf6 2. Bg5 e6 3. e4 h6 4. Bxf6 Qxf6 5. Nc3 Bb4 6. Qd2 d6 7. Bd3 Nc6 8.
Nge2 e5 9. d5 Nd4 10. O-O Nxe2+ 11. Bxe2 O-O 12. Qd3 Bxc3 13. Qxc3 Qe7 14. f4
exf4 15. Rxf4 Qe5 16. Qxe5 dxe5 17. Rf3 Bg4 18. Re3 Bxe2 19. Rxe2 Rad8 20. Rd1
f5 21. exf5 Rxf5 22. h3 h5 23. c4 Kf7 24. Re3 Kf6 25. Rb3 b6 26. Ra3 a5 27. Re3
h4 28. Rf1 Rd7 29. Ref3 Re7 30. c5 bxc5 31. Rc3 e4 32. Rxf5+ Kxf5 33. Rxc5 Kf4
34. Kf2 a4 35. Rc4 Rd7 36. Rxa4 Rxd5 37. Ke2 Rg5 38. Kf2 Rc5 39. Rb4 Rc2+ 40.
Kf1 Rc1+ 41. Kf2 Rc2+ 42. Kf1 c5 43. Rb7 c4 44. a4 Ke3 45. Kg1 Rc1+ 46. Kh2 Ra1
47. Rxg7 Rxa4 48. g3 Ra2 49. gxh4 c3 50. Kg3 Rxb2 51. h5 c2 52. Rc7 Kd2 53.
Rd7+ Ke2 54. Rc7 Rb3+ 55. Kf4 Kd2 56. Kxe4 Rc3 57. Rg7 Rc4+ 0-1